Rouge - Michel Sardou. - Statistiques

Statistiques générales
  • Ce quiz a été pris 219 fois
  • Le résultat moyen est 196 sur 290
Statistiques - réponses
Paroles % Correct
Rouge
99%
comme
97%
Comme
97%
l'
97%
le
97%
s'
97%
du
95%
un
95%
a
94%
de
94%
les
87%
la
85%
comme
84%
qui
84%
en
78%
par
78%
soleil
78%
quand
75%
Quand
75%
Mediterranée
72%
couchant
71%
il
71%
des
70%
se
70%
joué
69%
ma
69%
oiseau
69%
enfant
68%
sang
68%
sur
68%
te
68%
cris
67%
d'un
67%
chasseur
64%
public
64%
violon
64%
tué
63%
acteur
62%
Titanic.
62%
Titanic
62%
tragique
62%
vin
62%
rejoue
61%
dernier
60%
trop
60%
blessé
57%
Bordeaux
57%
glacée
57%
ce
56%
dans
56%
vision
56%
joues
55%
Rimbeaud
55%
cahier
54%
brisé
52%
coulant
52%
étoile
51%
tête
50%
va
45%
femme
44%
Héroïque
44%
une
44%
étoilée
43%
feu
41%
désert
40%
que
40%
avion
39%
homme
38%
Judée.
38%
mer
38%
péché
38%
l'Héroïque
37%
l'HéroÏque
37%
s'envole
37%
parfum
36%
volcan
36%
donne
35%
au
33%
coeur
32%
folle
32%
lèvres
32%
parole.
32%
pomme
32%
recouvre
32%
rend
32%
réveiller
32%
dormeur
31%
signal
31%
ciel
30%
couché.
30%
d'une
30%
l'amour
30%
phare
30%
cette
28%
colère
28%
elle
28%
est
28%
s'affolent
28%
trahit
28%
couleur
27%
Tziganes
27%
aller
26%
menteur
26%
ont
26%
soldats
26%
voit
26%
aimé
25%
front
24%
violons
24%
Christ
23%
tout
23%
manteau
21%
qu'il
21%
construit
20%
Pathétique.
20%
Pathétique
20%
symphonie
19%
musique
18%
paroles
16%
s'écrouler.
16%
silence
16%
suit
12%
Aucun quiz correspondant
Distribution des résultats
% des personnes avec chaque résultat
Percentile par nombre de réponses
Votre historique - résultats
Vous n’avez pas pris ce quiz